Núdzový východ (Richardovi Pietrassovi.)

Bibliographic Details
Main Author: Richter, Milan, 1948- (Author)
Format: Article
Language:Slovak
Subjects:

MARC

LEADER 00000nab a2200000 a 4500
001 vtls000094386
003 SK-MaSNL
005 20260304001205.0
008 131118c1981 xo 0 slo
015 |a SNBRB19rr/mm-uuuuu 
035 |a CL0104489 
040 |a SNKBUCL  |b slo  |c SNKBUCL  |e AACR2 
041 0 |a slo 
044 |a xo  |c SK 
080 |a 885.4-1  |2 1981 
100 1 |a Richter, Milan,  |d 1948-  |4 aut  |9 92608 
245 1 0 |a Núdzový východ  |b (Richardovi Pietrassovi.)  |c Milan Richter 
650 0 7 |a básne dedikačné  |2 snkbucl  |9 893927 
655 7 |a články z novín a časopisov  |2 snkbucl  |9 267496 
655 7 |a články z odboru literárna veda a krásna literatúra  |2 snkbucl  |9 770045 
773 0 |t Romboid  |g Roč. 16, č. 8 (1981), s. 52 
850 |a Slovenská národná knižnica v Martine  |a MTA001 
852 |a SNK  |b KIS3GCP 
958 |a RK 
958 |a LX 
992 |a RBX 
999 |c 2535202  |d 2537132